ბათუმის შოთა რუსთაველის სახელმწიფო უნივერსიტეტის ბიბლიოთეკა

Феминизм: проза,мемуары,письма (ბიბ.ჩანაწერი № 46861)

000 -LEADER
fixed length control field 00557nam a2200205Ia 4500
001 - CONTROL NUMBER
control field 13713
003 - CONTROL NUMBER IDENTIFIER
control field GE_BSU
008 - FIXED-LENGTH DATA ELEMENTS--GENERAL INFORMATION
fixed length control field 181216s||||||||xx |||||||||||||| ||und||
020 ## - INTERNATIONAL STANDARD BOOK NUMBER
International Standard Book Number 501003655X
040 ## - CATALOGING SOURCE
Transcribing agency GE_BSU
080 ## - UNIVERSAL DECIMAL CLASSIFICATION NUMBER
Universal Decimal Classification number 821.111-3
245 ## - TITLE STATEMENT
Title Феминизм: проза,мемуары,письма
245 ## - TITLE STATEMENT
Statement of responsibility, etc. Под.ред.Мириам Шнеир
260 ## - PUBLICATION, DISTRIBUTION, ETC.
Place of publication, distribution, etc. Москва
260 ## - PUBLICATION, DISTRIBUTION, ETC.
Name of publisher, distributor, etc. Прогресс
260 ## - PUBLICATION, DISTRIBUTION, ETC.
Date of publication, distribution, etc. 1992
300 ## - PHYSICAL DESCRIPTION
Extent 474стр.18см.
653 ## - INDEX TERM--UNCONTROLLED
Uncontrolled term Феминизм: проза,мемуары,письма
942 ## - ADDED ENTRY ELEMENTS (KOHA)
Koha item type წიგნი
ეგზემპლარები
Withdrawn status Lost status Damaged status Not for loan Date acquired Barcode Date last seen Price effective from Koha item type
        2018-12-17 37098 2018-12-17 2018-12-17 წიგნი